| 000 | 00841nam a2200253Ia 4500 | ||
|---|---|---|---|
| 003 | OSt | ||
| 005 | 20221002044152.0 | ||
| 006 | a|||||r|||| 00| 0 | ||
| 007 | ta | ||
| 008 | 220930b |||||||| |||| 00| 0 pan d | ||
| 020 |
_a817647200X (hbk) _c250 |
||
| 024 | _a116179 | ||
| 037 |
_b574, 03/02/2012, H.K. Prakashan _cReference Collections |
||
| 040 |
_aCRL _cCRL _bpun |
||
| 041 |
_2pun _apun |
||
| 082 | _aQ8441v, 153P6.1(RR) | ||
| 100 |
_aਖੁFਵੰਤ ਸਿੰਘ _9167994 |
||
| 245 | 0 | _aਸਿੱਖ ਇਤਿਹਾਸ | |
| 260 |
_aਲੁਧਿਆਣਾ _b ਲਾਹੌਰ ਬੁੱਕ Fਾਪ _c2006 |
||
| 490 | _vਭਾਗ 1 | ||
| 650 |
_aXow _977260 |
||
| 942 |
_hQ8441v, 153P6.1(RR) _cref _2CC |
||
| 999 |
_c909754 _d909754 |
||